Riziká decentralizácie vo vzťahu k miestnym financiám
Svetové trendy v spravovaní verejných záležitostí zamerané na decentralizáciu, lokalizáciu a financovanie kompetencií nižších vládnych úrovní. Tri veľké skupiny krajín s výrazne odlišným poňatím reforiem verejnej správy. Decentralizovaný systém vládnutia v súčasnosti chránený zákonmi a súdmi. Decent...
Enregistré dans:
| Auteur principal: | |
|---|---|
| Autres auteurs: | |
| Format: | Chapitre de livre |
| Langue: | slovaque |
| Sujets: | |
| Tags: |
Pas de tags, Soyez le premier à ajouter un tag!
|
MARC
| LEADER | 00000naa$a2200000$$$4500 | ||
|---|---|---|---|
| 001 | 0099057 | ||
| 005 | 20240711091257.2 | ||
| 041 | 0 | |a slo | |
| 044 | |a SK | ||
| 245 | 1 | 0 | |a Riziká decentralizácie vo vzťahu k miestnym financiám |c Erika Neubauerová, Juraj Švarc |
| 520 | |a Svetové trendy v spravovaní verejných záležitostí zamerané na decentralizáciu, lokalizáciu a financovanie kompetencií nižších vládnych úrovní. Tri veľké skupiny krajín s výrazne odlišným poňatím reforiem verejnej správy. Decentralizovaný systém vládnutia v súčasnosti chránený zákonmi a súdmi. Decentralizačný proces na Slovensku. Modernizácia verejnej správy systémom vytvorenia tzv. centier efektívneho administratívneho výkonu činností a agend. | ||
| 610 | 2 | 0 | |a decentralizácia |
| 610 | 2 | 0 | |a správa verejná |
| 610 | 2 | 0 | |a obce |
| 610 | 2 | 0 | |a mestá |
| 610 | 2 | 0 | |a transformácia |
| 610 | 2 | 0 | |a reformy |
| 610 | 2 | 0 | |a samospráva |
| 610 | 2 | 0 | |a financie |
| 610 | 2 | 0 | |a svet |
| 610 | 2 | 0 | |a Slovensko |
| 100 | 1 | |a Neubauerová, Erika, 1968- | |
| 700 | 1 | |a Švarc, Juraj | |